El ABC fiscal de los sueldos y salarios

Bibliographic Details
Main Author: Martn̕ez Gutiřrez, Javier
Format: eBook
Language:Spanish
Published: Mx̌ico D.F. : Ediciones Fiscales ISEF, 2013
Subjects:
Online Access:http://www.vlex.com/source/11039

MARC

LEADER 00000nam a22000007a 4500
005 20130426133548.0
007 cr|||| ||||
008 130426e2013 mx |||||s|||| 00||0 spa d
020 |a 978-607-406-506-0 
035 |a 11039 
040 |a vLex 
090 |c 4197  |d 4197 
100 1 0 |a Martn̕ez Gutiřrez, Javier  
245 1 3 |a El ABC fiscal de los sueldos y salarios  |c / Javier Martn̕ez Gutiřrez   |h [Recurso electrn̤ico] 
256 |a Servicio en ln̕ea 
260 |a Mx̌ico D.F. :  |b Ediciones Fiscales ISEF,   |c 2013 
300 |a 1 Recurso electrn̤ico 
506 |d vLex Global  |d vLex Global (Academic Edition, excluding Law Schools)  |d vLex Global (U.S. Academic Edition, Law Schools)  |d vLex Global (U.S. Academic Edition, excluding Law Schools)  |d vLex Global (Academic Edition, Law Schools) 
650 0 4 |a Derecho tributario  |z Mx̌ico 
650 0 4 |a Derecho laboral y Seguridad Social  |z Mx̌ico 
650 0 4 |a Salarios  |z Mx̌ico 
740 |a vLex Libros (Servicio en ln̕ea) 
856 |a Acceso restringido  |u http://www.vlex.com/source/11039 
942 |c BOOK 
999 0 |a Taxation